<?xml version="1.0" encoding="UTF-8"?>
<record
    xmlns:xsi="http://www.w3.org/2001/XMLSchema-instance"
    xsi:schemaLocation="http://www.loc.gov/MARC21/slim http://www.loc.gov/standards/marcxml/schema/MARC21slim.xsd"
    xmlns="http://www.loc.gov/MARC21/slim">

  <leader>02112nam a22003017a 4500</leader>
  <controlfield tag="005">20150901123051.0</controlfield>
  <controlfield tag="008">150901b2014    ck |||||r|||| 00| 0 spa d</controlfield>
  <datafield tag="020" ind1=" " ind2=" ">
    <subfield code="a">9786078328079</subfield>
  </datafield>
  <datafield tag="040" ind1=" " ind2=" ">
    <subfield code="a">CO-BoIAVH </subfield>
    <subfield code="c">CO-BoIAVH </subfield>
  </datafield>
  <datafield tag="041" ind1="0" ind2=" ">
    <subfield code="a">spa</subfield>
  </datafield>
  <datafield tag="044" ind1=" " ind2=" ">
    <subfield code="a">mx</subfield>
  </datafield>
  <datafield tag="082" ind1="0" ind2="4">
    <subfield code="a">577.30723</subfield>
    <subfield code="b">G89b</subfield>
  </datafield>
  <datafield tag="245" ind1="1" ind2=" ">
    <subfield code="a">Bosques mes&#xF3;filos de monta&#xF1;a de M&#xE9;xico:</subfield>
    <subfield code="b">diversidad, ecolog&#xED;a y manejo / </subfield>
    <subfield code="c">Compiladores: Martha Gual-D&#xED;az y Alejandro Rend&#xF3;n-Correa</subfield>
  </datafield>
  <datafield tag="250" ind1=" " ind2=" ">
    <subfield code="a">1er. Edici&#xF3;n</subfield>
  </datafield>
  <datafield tag="260" ind1=" " ind2=" ">
    <subfield code="a">M&#xE9;xico D.F. (M&#xE9;xico):</subfield>
    <subfield code="b">Comisi&#xF3;n nacional para el Conocimiento y Uso de la Biodiversidad (CONABIO),</subfield>
    <subfield code="c">2014.</subfield>
  </datafield>
  <datafield tag="300" ind1=" " ind2=" ">
    <subfield code="a">352 p,</subfield>
    <subfield code="b">ilustraciones y fotograf&#xED;as a color</subfield>
    <subfield code="c">23 cm.</subfield>
    <subfield code="e">CD-ROM</subfield>
  </datafield>
  <datafield tag="500" ind1=" " ind2=" ">
    <subfield code="a">Incluye anexos en CD-ROM.</subfield>
  </datafield>
  <datafield tag="504" ind1=" " ind2=" ">
    <subfield code="a">Incluye referencias bibliogr&#xE1;ficas.</subfield>
  </datafield>
  <datafield tag="505" ind1="0" ind2=" ">
    <subfield code="a">Los bosques mes&#xF3;filos de monta&#xF1;a en M&#xE9;xico.
Sistema de informaci&#xF3;n del bosque mes&#xF3;filo de monta&#xF1;a en M&#xE9;xico: recopilaci&#xF3;n sistematizaci&#xF3;n de datos e informaci&#xF3;n.
El bosque mes&#xF3;filo de monta&#xF1;a: un ecosistema prioritario amenazado.
Ecolog&#xED;a y manejo de los bosques mes&#xF3;filos de monta&#xF1;a en M&#xE9;xico.
Las plantas vasculares de los bosques mes&#xF3;filos de monta&#xF1;a en M&#xE9;xico.
Licopodios y helechos en el bosque mes&#xF3;filo de monta&#xF1;a de M&#xE9;xico.
El bosque mes&#xF3;filo de monta&#xF1;a en M&#xE9;xico y sus plantas con flores. 
Fauna de los bosques mes&#xF3;filos de monta&#xF1;a.
Anfibios en el bosque mes&#xF3;filo de monta&#xF1;a en M&#xE9;xico.
Reptiles en el bosque mes&#xF3;filo de monta&#xF1;a de M&#xE9;xico.
La importancia de las aves del bosque mes&#xF3;filo de monta&#xF1;a de M&#xE9;xico.
Mam&#xED;feros del bosque mes&#xF3;filo de monta&#xF1;a en M&#xE9;xico.
Conservar los bosques mes&#xF3;filos de monta&#xF1;a, un proceso de educaci&#xF3;n y capacitaci&#xF3;n ambiental.</subfield>
  </datafield>
  <datafield tag="650" ind1=" " ind2="6">
    <subfield code="a">Biodiversidad en bosques</subfield>
    <subfield code="z">M&#xE9;xico</subfield>
  </datafield>
  <datafield tag="650" ind1=" " ind2="6">
    <subfield code="a">Ecolog&#xED;a de bosques</subfield>
    <subfield code="z">M&#xE9;xico</subfield>
  </datafield>
  <datafield tag="650" ind1=" " ind2="4">
    <subfield code="a">Bosques Mes&#xF3;filos</subfield>
    <subfield code="z">M&#xE9;xico</subfield>
  </datafield>
  <datafield tag="650" ind1=" " ind2="4">
    <subfield code="a">Bosques Mes&#xF3;filos</subfield>
    <subfield code="x">Fauna</subfield>
    <subfield code="z">M&#xE9;xico</subfield>
  </datafield>
  <datafield tag="650" ind1=" " ind2="4">
    <subfield code="a">Bosques Mes&#xF3;filos</subfield>
    <subfield code="x">Flora</subfield>
    <subfield code="z">M&#xE9;xico</subfield>
  </datafield>
  <datafield tag="700" ind1="1" ind2=" ">
    <subfield code="a">Gual-D&#xED;az, Martha</subfield>
    <subfield code="e">Compiladora</subfield>
  </datafield>
  <datafield tag="700" ind1="1" ind2=" ">
    <subfield code="a">Rend&#xF3;n-Correa, Alejandro</subfield>
    <subfield code="e">Compilador</subfield>
  </datafield>
  <datafield tag="942" ind1=" " ind2=" ">
    <subfield code="2">ddc</subfield>
    <subfield code="c">LIBRO</subfield>
  </datafield>
  <datafield tag="999" ind1=" " ind2=" ">
    <subfield code="c">17738</subfield>
    <subfield code="d">17738</subfield>
  </datafield>
  <datafield tag="952" ind1=" " ind2=" ">
    <subfield code="0">0</subfield>
    <subfield code="1">0</subfield>
    <subfield code="2">ddc</subfield>
    <subfield code="4">0</subfield>
    <subfield code="7">0</subfield>
    <subfield code="8">GENERAL</subfield>
    <subfield code="I">INV2017</subfield>
    <subfield code="a">Bogota</subfield>
    <subfield code="b">Bogota</subfield>
    <subfield code="d">2015-09-01</subfield>
    <subfield code="e">Instituto</subfield>
    <subfield code="g">39000.00</subfield>
    <subfield code="l">0</subfield>
    <subfield code="o">LB-577.30723 G89b</subfield>
    <subfield code="p">038750</subfield>
    <subfield code="r">2015-09-01 00:00:00</subfield>
    <subfield code="t">Ej. 1</subfield>
    <subfield code="w">2015-09-01</subfield>
    <subfield code="x">Donaci&#xF3;n</subfield>
    <subfield code="y">LIBRO</subfield>
    <subfield code="z">Incluye CD-ROM con Anexos (Cod. 038751). </subfield>
  </datafield>
</record>
